000 00423nam a2200181Ia 4500
001 22778
005 20260414150853.0
008 260414t2013||||xx |||||||||||||| ||spa||
041 _aESP
082 _a621.8
_bD69
100 _aDíaz Baltasar, Raúl
_eAUT
245 0 _aOperaciones de montaje
_b
260 _c2013
300 _a180 páginas :
_c24 cm.
650 _aTCA
654 _aCET
942 _cLIB
_dJUS
_fJUS
_2ddc
_n
999 _c22778
_d22778